Normal view
MARC view
Entry Personal Name
001 - CONTROL NUMBER
- control field: 35803
003 - CONTROL NUMBER IDENTIFIER
- control field: ARRUPE
005 - DATE AND TIME OF LATEST TRANSACTION
- control field: 20170919123431.0
008 - FIXED-LENGTH DATA ELEMENTS
- fixed length control field: 170919|| aca||aabn | a|a d
040 ## - CATALOGING SOURCE
- Original cataloging agency: ARRUPE
- Transcribing agency: ARRUPE
100 ## - HEADING--PERSONAL NAME
- Personal name: Allen, John Logan
670 ## - SOURCE DATA FOUND
- Source citation: Work cat.: (ARRUPE)4443: Allen, John Logan, Student atlas of world politics, 1988